| 000 | 00359nam a2200145Ia 4500 | ||
|---|---|---|---|
| 001 | 14831 | ||
| 008 | 140403s9999 xx 000 0 und d | ||
| 040 | _cPK-LaUMT | ||
| 082 |
_a 519.5076 _bCAE- |
||
| 245 |
_aBusiness statistics: _bCA exams study text : Foundation exmination-1 paper 2.2 |
||
| 260 | _c1996 | ||
| 300 | _a317 p. | ||
| 546 | _aEN | ||
| 942 | _cBK | ||
| 999 |
_c15398 _d15398 |
||